The scandal of empire (Record no. 2110)

MARC details
000 -LEADER
fixed length control field 00870 a2200229 4500
010 ## - LIBRARY OF CONGRESS CONTROL NUMBER
LC control number ENG-85278
020 ## - INTERNATIONAL STANDARD BOOK NUMBER
International Standard Book Number 8178241757
Terms of availability 650.00
035 ## - SYSTEM CONTROL NUMBER
System control number EN-68811
037 ## - SOURCE OF ACQUISITION
Source of stock number/acquisition D.B.Act / Pub
082 14 - DEWEY DECIMAL CLASSIFICATION NUMBER
Classification number 954.0298092
090 ## - LOCALLY ASSIGNED LC-TYPE CALL NUMBER (OCLC); LOCAL CALL NUMBER (OCLC)
-- 2150
-- 2150
100 1# - MAIN ENTRY--PERSONAL NAME
Personal name Dirks, Nicholas B.,
245 1# - TITLE STATEMENT
Title The scandal of empire
Remainder of title India and the creation of imperial Britain
Statement of responsibility, etc Nicholas B. Dirks.
260 ## - PUBLICATION, DISTRIBUTION, ETC. (IMPRINT)
Place of publication, distribution, etc Delhi
Name of publisher, distributor, etc Permanent Black
Date of publication, distribution, etc 2007
270 ## - ADDRESS
Address D-28, Oxford Apartments, I. P. Extension
City Delhi
State or province Delhi
Postal code 110092
300 ## - PHYSICAL DESCRIPTION
Extent xviii, 389 p.
Other physical details ill., map
Dimensions 22 cm.
500 ## - GENERAL NOTE
General note Includes bibliographical references and index
650 #0 - SUBJECT ADDED ENTRY--TOPICAL TERM
Topical term or geographic name as entry element Political corruption
Geographic subdivision India
General subdivision History
Chronological subdivision 18th century.
651 #0 - SUBJECT ADDED ENTRY--GEOGRAPHIC NAME
Geographic name India
General subdivision Colonization
-- History
Chronological subdivision 18th century.
942 ## - ADDED ENTRY ELEMENTS (KOHA)
Institution code [OBSOLETE] dpl
Koha item type English Books
Call number prefix 954.0298092 / DIR
Holdings
Withdrawn status Lost status Source of classification or shelving scheme Damaged status Not for loan Collection code Home library Current library Source of acquisition Cost, normal purchase price Total Checkouts Full call number Barcode Date last seen Copy number Uniform Resource Identifier Cost, replacement price Price effective from Koha item type
    Dewey Decimal Classification   Not For Loan Non-fiction D.B.Act.Division D.B.Act.Division DBAD/PUB 650.00   954.0298092 EN-68811 15/09/2008 1 2239 650.00 15/09/2008 English Books

© Delhi Public Library
Hit Counter
free hit counter